000 01154nam a2200229Ia 4500
003 Ost
005 20260507075532.0
008 260507s9999||||xx |||||||||||||| ||und||
020 _a9789776278325
040 _cfsecg
041 _aara
082 _a330.122
100 _aآرتو، باتريك
_eمؤلف
245 0 _aالرأسمالية في طريقها لتدمير نفسها /
_c باتريك آرتو
260 _aالقاهرة:
_bمكتبة الشروق الدولية,
_c2008
300 _a110 صفحة؛
_bإيضاحات ؛
_c24 سم
520 _aيضم الكتاب العولمة مصنع الأرباح، فخ النمو الضعيف، رفع القدرة الشرائية ضروري ولكنه غير كاف، الأخطار المختبئة خلف الجري وراء الأرباح، الجري المحموم وراء العائد، القواعد الموضوعية لإدارة أسواق المال تشجع إنحرافات الإدارة في المدى القصير
653 _aالرأسمالية
653 _aالعولمة
700 _aقيرار، مارى بول
_eمؤلف ثانوي
942 _cكتاب
999 _c44827
_d44827